| 000 | 00841nam a2200301Ia 4500 | ||
|---|---|---|---|
| 001 | dia_104 | ||
| 003 | CHAP | ||
| 005 | 20251023165312.0 | ||
| 008 | 220117s1994 xx 000 0 und d | ||
| 010 | _a172572 | ||
| 020 | _a968-18-2972-7 | ||
| 040 | _cCHAP | ||
| 082 | _a621.32 C43 1994 | ||
| 100 |
_aChapa Carreón, Jorge _9152128 |
||
| 245 |
_aManual de instalaciones de alumbrado y fotometría / _c Jorge Chapa Carreón |
||
| 260 |
_aMéxico : _b Limusa, _c1994 |
||
| 300 | _a270 p. | ||
| 503 | _aD. | ||
| 590 | _aTR590 C43 1994 | ||
| 650 |
_aAlumbrado _9152129 |
||
| 650 |
_aElectric lighting _9152130 |
||
| 650 |
_aFotometría _942733 |
||
| 650 |
_aPhotometry _9152131 |
||
| 901 | _a621.32 C43 1994 | ||
| 902 | _aA | ||
| 905 | _a5232271994 mx aimn8222223322spa16 | ||
| 942 |
_cLIBRO _2ddc |
||
| 999 |
_c172572 _d172572 |
||